Opalite - Taylor Swift Lyrics - Statistics

General Stats
  • This quiz has been taken 48 times
  • The average score is 345 of 393
Answer Stats
Answer % Correct
a
100%
all
100%
I
100%
my
100%
opalite
100%
to
100%
we
100%
in
97%
is
97%
it
97%
never
97%
no
97%
now
97%
sky
97%
the
97%
were
97%
you
97%
alright
95%
before
95%
dancing
95%
had
95%
it's
95%
lightning
95%
like
95%
love
95%
me
95%
night
95%
oh
95%
on
95%
through
95%
told
95%
your
95%
and
92%
but
92%
don't
92%
make
92%
of
92%
own
92%
strikes
92%
was
92%
when
92%
brother
90%
call
90%
eating
90%
know
90%
lord
90%
met
90%
onyx
90%
out
90%
sleepless
90%
sunshine
90%
trash
90%
with
90%
bad
87%
friends
87%
ghosts
87%
habit
87%
live
87%
lovers
87%
mama
87%
missing
87%
said
87%
used
87%
gonna
85%
past
85%
see
85%
thought
85%
again
82%
ends
82%
haunted
82%
house
82%
just
82%
last
82%
life
82%
so
82%
they'll
82%
she
79%
couples
77%
for
77%
have
77%
seen
77%
song
77%
foes
74%
her
74%
phone
74%
real
74%
got
72%
wrong
72%
you're
72%
baby
69%
one
69%
perfect
69%
up
67%
felt
64%
give
64%
made
64%
this
64%
'til
62%
alone
59%
mess
59%
not
56%
understand
56%
couldn't
54%
messed
54%
starving
54%
table
54%
teacup
54%
bump
51%
inside
51%
speed
51%
storm
51%
sweat
51%
temporary
51%
try
51%
left
49%
shelter
49%
simple
49%
what
49%
why
49%
will
49%
beat
44%
can
44%
finally
44%
here
44%
move
44%
that's
44%
drum
41%
freedom
41%
bring
38%
thunder
36%
failure
31%
brings
28%
inthe
26%
pse
3%
No matching quizzes found
Score Distribution
Percent of People with Each Score
Percentile by Number Answered
Your Score History
You have not taken this quiz